000 00822nam a2200217 a 4500
001 40642
003 BD-RjUL
005 20211209053247.0
008 160507s1995 bg ||||| |||| 00| 0 ben d
035 _a(BD-RjUL) 40757
040 _aBD-RjUL
_bben
_cBD-RjUL
041 _aben
082 _223
_a297
_b1995 SIM
100 _aসিরাজ, মো: সিরাজুল ইসলাম
_9125061
245 1 0 _aমানবতার চূড়ান্ত প্রতিপাদন /
_cমো: সিরাজুল ইসলাম সিরাজ
260 _aবগুড়া :
_bমো: সিরাজুল ইসলাম সিরাজ,
_c১৯৯৫
300 _a[৬], ১২৫ পৃ. ;
_c২৫ সেমি.
650 _aইসলাম
_9125062
650 _aIslam
_9125063
942 _2ddc
_cBK
999 _c40642
_d40642